000 00967 a2200217 4500
001 54329
005 20260407155815.0
008 260407a1970 arg spa d
003 AR-UNSa-BCEJYS
040 _aAR-UNSa-BCEJYS
_bspa
_cAR-UNSa-BCEJYS
080 _a316.3
_xEstructura social. La sociedad como sistema social
245 1 0 _aLibertad y necesidad
264 1 _aMéxico :
_bSiglo Veintiuno editores
_c1970
300 _a154 p.
_c18 cm.
505 _a1. El origen de la sociedad - 2. Economías aisladas - 3. Tierra y trabajo - 4. raza y clase - 5. Comercio y nacionalidad - 6. Expansión capitalista - 7. Intermedio de confusión - 8. La industria y el estado - 9. El nuevo mercantilismo - 10. Abundancia socialista - 11. Otro camino - 12. El tercer mundo - 13. Falsos profetas - 14. Ciencia y moralidad
041 _aspa
942 _cBK
590 _aniveau_biblio:m niveau_hierar:0
100 1 _aRobinson, Joan
700 1 _aGonzález Aramburu, Francisco
999 _c5493
_d5493